| 000 | 00911nam a22003017a 4500 | ||
|---|---|---|---|
| 003 | CHAP | ||
| 005 | 20220329141118.0 | ||
| 008 | 971010s1988 r 00010 d | ||
| 010 | _a62762 | ||
| 011 | _a63734 | ||
| 035 | _a67933 | ||
| 040 | _cCHAP | ||
| 082 | 0 | 4 |
_a001.6425 _bS5Y |
| 100 | 0 | 0 |
_aSheldon, Thomas. _9105598 |
| 245 | 1 | 0 | _aPC-DOS y MS-DOS |
| 260 |
_aMéxico, D.F. : _bMcGraw-Hill, _c1988 |
||
| 300 |
_a386 p. _b: ilus. |
||
| 590 |
_aBATCH-UPD _b10 _c20130110 _lUCH01 _h0513 |
||
| 590 |
_aBATCH-UPD _b10 _c20130110 _lUCH01 _h2217 |
||
| 590 |
_aBATCH-UPD _b10 _c20130410 _lUCH01 _h0151 |
||
| 590 |
_aBATCH-UPD _b10 _c20130914 _lUCH01 _h1721 |
||
| 590 |
_aCONVERSION _b10 _c20130109 _lUCH01 _h1334 |
||
| 650 | 4 |
_aLenguajes de programación. _965989 |
|
| 650 | 4 |
_aMS-DOS. _979238 |
|
| 901 | _aBK | ||
| 942 | _cLIBRO | ||
| 949 |
_a001.6425 S5Y _bBC _cLIBRO _d33724000643995 _eLIBRO _gI.c/e _h92093 _i67933 _si _t20.00 |
||
| 999 |
_c62762 _d62762 |
||